000 00415nam a2200157Ia 4500
008 121008t2010 xxu||||| |||| 00| 0 sin d
041 _asin
080 _a8 S 3 (Youth)
_bBAM
245 _aලෝකේ හැදුණු හැටි
246 _aLoke Hadunu Hati
260 _aM. D. Gunasena
_aColombo
_c2010
300 _b41p, 21 cm
942 _cBK
999 _c43702
_d43702
003 LK-CoDNM
040 _aLK-CoDNM
_dLK-CoDNM
_eLK-CoDNM